000 00803nas a2200253 4500
001 BR0900090
003 BR-BrBNA
005 20231205113011.0
007 ta
008 230509b bl.|||p| |||| 00| 00por d
040 _aBR-BrBNA
_bpor
_cBiblioteca Nacional de Agricultura
041 _a(Pt)
072 _aH10; H20
100 1 _aBatista, T.F.C.
100 1 _aOhashi, O.S.
245 1 _aEficiência agronômica e persistência de Baculovirus erinnyis no controle de Erinnyis ello da seringueira
650 _aERINNYIS ELLO
650 _aBACULOVIRUS ERINNYIS
650 _aCONTROLE BIOLÓGICO
650 _aSERIGUEIRA
773 0 _tRevista de Agricultura (Brazil)
_xISSN 0034-7655
_g(Jun 2006), v. 81(1) p. 81-88
_wBR0900090
909 _a202311
_bLúcia
_c55
_dLúcia Elande
942 _2AGRIS
_n0
_cANA
999 _c201260
_d201260